000
00219nam a22000857a 4500
008
160804b xxu||||| |||| 00| 0 eng d
100
_9
25
_a
Egmont
245
_a
Cigars of the phgrah
260
_a
USA
_b
MacMillan Publication
_c
2009
999
_c
2675
_d
2675